ACTORS BY ROLES - Statistics

General Stats
  • This quiz has been taken 165 times
  • The average score is 19 of 35
Answer Stats
Hint Answer % Correct
Wolverine, Jean Valjean, Robert Angier Hugh Jackman
92%
Benjamin Button, Aldo Raine, Billy Beane Brad Pitt
86%
Tony Montana, Sonny Wortzik, Michael Corleone Al Pacino
82%
Jules Winnfield, Elijah Price, Nick Fury Samuel L. Jackson
81%
Whitey Bulger, Joseph D. Pistone, Sweeney Todd Johnny Depp
79%
Mark Watney, Will Hunting, Colin Sullivan Matt Damon
79%
Sean Maguire, Euphegenia Doubtfire, Patch Adams Robin Williams
79%
Travis Bickle, Jake LaMotta, Jimmy Conway Robert De Niro
77%
Vito Corleone, Walter E. Kurtz, Stanley Kowalski Marlon Brando
73%
Butch Coolidge, Malcolm Crowe, John McClane Bruce Willis
72%
Bryan Mills, Qui Gon Jinn, Oskar Schindler Liam Neeson
69%
Randle McMurphy, Jack Torrance, George Hanson Jack Nicholson
68%
Hugh Glass, Jack Dawson, Calvin Candie Leonardo DiCaprio
67%
William Wallace, Hal Moore, Max Rockatansky Mel Gibson
64%
Jeffrey Lebowski, Bad Blake, Jack Baker Jeff Bridges
63%
Martini, Penguin, Vincent Benedict Danny De Vito
57%
Alonzo Harris, Robert McCall, Malcolm X Denzell Washington
51%
Alfred J. Pennyworth, Peachy Carnehan, Charlie Croker Michael Caine
51%
Judah Ben Hur, George Taylor, Moses Charlton Heston
50%
Nick Curran, Gordon Gekko, Jack T. Colton Michael Douglas
50%
Rhett Butler, Peter Warne, Gay Langland Clark Gable
48%
Atticus Finch, Joe Bradley, Sam Bowden Gregory Peck
47%
John Fitzgerald, Bane, Bob Saginowski Tom Hardy
46%
William Munny, Walt Kowalski, Josey Wales Clint Eastwood
45%
The Tramp, Hynkel, Henri Verdoux Charlie Chaplin
44%
Rick Blaine, Sam Spade, Charlie Allnut Humphrey Bogart
44%
Henri Charriere, The Cincinnatti Kid, Bullitt Steve McQueen
43%
Idi Amin, Cecil Gaines, Ghost Dog Forest Whitaker
37%
T. E. Lawrence, Don Quixote, Cornelius Flavius Silva Peter O'Toole
37%
Samuel Gerard, Agent K, Hawk Hawkins Tommy Lee Jones
34%
Anton Chigurh, Raoul Silva, Captain Salazar Javier Bardem
30%
Benjamin Braddock, Ratso Rizzo, Louis Dega Dustin Hoffman
27%
Sam Dawson, Jeff Spicoli, Mick O'Brien Sean Penn
26%
Pat Solitano, Chris Kyle, Richie DiMaso Bradley Cooper
25%
Frank Martin, Chev Chelios, Turkish Jason Statham
19%
No matching quizzes found
Score Distribution
Percent of People with Each Score
Percentile by Number Answered
Your Score History
You have not taken this quiz